00975nam a22002417a 450000500170000001000130001702000220003003500130005203700160006504000120008108200170009310000330011024500950014326000460023827000460028430000280033050000500035865000340040865000570044294200260049999900190052595201890054420170124110011.0 aA-821004 c00.00a8171008232 aA-821004 bCen Lib/Ret aDPLbEN a342.085bSHE aSheeraz Latif A. Khan917738 aJustice bhagwati on fundamental rights and directive priciples /cby Sheeraz Latif A. Khan aNew DelhibDeep & Deep Publicationsc1996 bNew DelhiaD-1/24, Rajouri Gardene110027 axiii, 226p. :c18cm(Hb) aIncludes bibliographical references and index aCivil rights -- India.916261 aCriminal justice, Administration of -- India.990105 2ddccENh342.085mSHE c126519d126519 04104070aLbLd2015-06-25eCen Lib/Retg0.00l0o342.085 SHEpA-821004r2015-06-25 00:00:00t1v0.00w2015-06-25yENzWritten off on approval by DLB (By Circulation); dtd 15-06-2023